Les 100 meilleurs français à l'ATP - Statistiques

Statistiques générales
  • Ce quiz a été pris 973 fois
    101 depuis la dernière actualisation
  • Le résultat moyen est 22 sur 100
Statistiques - réponses
Classement Joueurs % Correct
34 Fils
91%
170 Monfils
88%
37 Humbert
82%
31 Rinderknech
80%
35 Moutet
80%
95 Gaston
70%
51 Mannarino
63%
58 Mpetshi Perricard
63%
78 Muller
61%
397 Kouamé
59%
63 Atmane
57%
54 Royer
55%
104 Bonzi
54%
100 van Assche
54%
375 Gasquet
52%
68 Halys
52%
74 Cazaux
50%
182 Herbert
50%
122 Droguet
41%
1039 Paire
41%
161 Gea
36%
150 Jacquet
34%
168 Blanchet
30%
195 Tabur
30%
502 Lokoli
29%
846 Barrère
27%
725 De Schepper
27%
757 Lestienne
27%
197 Grenier
23%
177 Mayot
23%
204 Added
21%
200 Chidekh
20%
546 Janvier
20%
324 Blancaneaux
16%
417 Faurel
16%
297 Bertrand
14%
439 Bouquier
14%
691 Couacaud
14%
340 Ghibaudo
14%
268 Gueymard
14%
314 Hemery
14%
519 Malige
14%
330 Paris
14%
209 Pavlovic
14%
272 Bax
13%
728 | 1108 Bertimon
13%
939 Bouquet
13%
336 Cuenin
13%
394 Denolly
13%
452 Donnet
13%
313 Erhard
13%
718 Ghazouani-Durand
13%
291 Marmousez
13%
350 Martineau
13%
605 Massard
13%
459 Poullain
13%
560 Catry
11%
703 Delage
11%
457 Escoffier
11%
554 Lamasine
11%
765 Raquillet
11%
601 Balshaw
9%
654 Beaugé
9%
570 Bittoun
9%
686 Bobichon
9%
1012 Bourgue
9%
545 Chazal
9%
739 Dalmasso
9%
928 Freire Da Silva
9%
763 Gobat
9%
979 Larue
9%
530 Nagel
9%
368 Perot
9%
838 Ponchet
9%
693 Reymond
9%
412 Weber
9%
835 Aubriot
7%
732 Bouchelaghem
7%
701 Garcian
7%
759 Gautier
7%
921 Inchauspé
7%
905 Jadoun
7%
1064 Pierre
7%
726 Raynel
7%
1055 Deschamps
5%
1159 Kaouk
5%
1163 Lapalu
5%
770 Papamalamis
5%
913 Pietri
5%
681 Tepmahc
5%
1204 Tessa
5%
427 Vandermeersch
5%
1198 Alimli
4%
1124 Bondaz
4%
1131 Sabas
4%
1184 Loncarevic
4%
1031 Reveniau
4%
1150 Rolland de Ravel
4%
1076 Scaglia
4%
Aucun quiz correspondant
Distribution des résultats
% des personnes avec chaque résultat
Percentile par nombre de réponses
Votre historique - résultats
Vous n’avez pas pris ce quiz depuis la dernière actualisation